Native American Tribes of the Mainland U.S. in 1500 on a Map - Statistics

General Stats
  • This quiz has been taken 1,493 times
  • The average score is 35 of 363
Answers on the Map
Answers color-coded by a green-red scale on the quiz's map according to % correct below.
 
Answer Stats
Nations % Correct
Oceti Sakowin
87%
Navajo
84%
Cherokee
79%
Lipan Apache
71%
Chiricahua
70%
Jicarilla Apache
70%
Mescalero
70%
Western Apache
70%
Muscogee
58%
Mohawk
55%
Lenape
54%
Blackfeet
53%
Illinois Confederation
49%
Choctaw
48%
Ojibwe
47%
Miami
44%
Ute
44%
Kaw
43%
Cheyenne
41%
Chickasaw
39%
Erie
39%
Shoshone
38%
Crow-Hidatsa
37%
Hopi
37%
Iowa
37%
Seneca
35%
Quapaw
34%
Shawnee
34%
Pawnee
33%
Alabama
32%
Massachusett
32%
Missouria
32%
Oneida
31%
Nez Perce
30%
Powhatan
30%
Arapaho
28%
Bitterroot Salish
28%
Osage
28%
Kawaiisu
27%
Northern Paiute
27%
Southern Paiute
27%
Cayuga
25%
Onondaga
24%
Mohican
23%
Wampanoag
23%
Kiowa
22%
Chinook
21%
Meskwaki
21%
Omaha
21%
Mohave
20%
Wichita
20%
Yakama
20%
Abenaki
19%
Caddo Confederacy
19%
Quechan
19%
Spokane
19%
Zuni
19%
Assiniboine
17%
Chesapeake
16%
Ho-Chunk
16%
Narragansett
16%
Penobscot
16%
Tohono O'odham
16%
Tuscarora
16%
Chumash
15%
Pequot
15%
Potawatomi
15%
Kickapoo
14%
Klamath
14%
Menominee
14%
Natchez
14%
Patawomeck
14%
Houma
13%
Susquehannock
13%
Biloxi
12%
Mobila
12%
Sauk
12%
Sauk-Suiattle
12%
Shasta
12%
Akimel O'odham
11%
Modoc
11%
Taos
11%
Walla Walla
11%
Calusa
10%
Catawba
10%
Mono
10%
Snohomish
10%
Yavapai
10%
Yokuts
10%
Havasupai
9%
Mandan
9%
Mohegan
9%
Pensacola
9%
Tillamook
9%
Coeur d'Alene
8%
Colville
8%
Coos
8%
Kutenai
8%
Maricopa
8%
Miwok
8%
Otoe
8%
Pomo
8%
Tongva
8%
Umatilla
8%
Washoe
8%
Yurok
8%
Bannock
7%
Laurentians
7%
Montauk
7%
Ohlone
7%
Passamaquoddy
7%
Tonkawa
7%
Upper Cowlitz
7%
Accomac
6%
Apalachee
6%
Arikara
6%
Atakapa
6%
Cayuse
6%
Cheraw
6%
Chickahominy
6%
Goshute
6%
Hoh
6%
Kumeyaay
6%
Luiseño
6%
Piscataway
6%
Ponca
6%
Rappahannock
6%
Wolastoqiyik
6%
Acoma
5%
Ais
5%
Assateague
5%
Cahuilla
5%
Chehalis
5%
Chelan
5%
Chitimacha
5%
Clatsop
5%
Coushatta
5%
Duwamish
5%
Hatteras
5%
Hualapai
5%
Hupa
5%
Kalispel
5%
Karankawa
5%
Klallam
5%
Klickitat
5%
Konkow
5%
Makah
5%
Monacan
5%
Mountain Maidu
5%
Nisenan
5%
Nomlaki
5%
Nottoway
5%
Ohkay
5%
Pamunkey
5%
Patwin
5%
Puyallup
5%
Quinault
5%
Quinnipiac
5%
Salinan
5%
Shinnecock
5%
Snoqualmie
5%
Suquamish
5%
Syilx
5%
Coahuiltecan
4%
Concho
4%
Congaree
4%
Kalapuya
4%
Lower Skagit
4%
Lower Umpqua
4%
Lummi
4%
Multnomah
4%
Nanticoke
4%
Nipmuc
4%
Nisqually
4%
Pamlico
4%
Pecos
4%
Pennacook
4%
Quileute
4%
Serrano
4%
Sinkiuse-Columbia
4%
Siuslaw
4%
Tunica
4%
Upper Skagit
4%
Upper Umpqua
4%
Wasco
4%
Wenrohronon
4%
Wicocomico
4%
Wintu
4%
Wiyot
4%
Yamasee
4%
Yazoo
4%
Yuchi
4%
Achomawi
3%
Alsea
3%
Appomattoc
3%
Avoyel
3%
Cahto
3%
Cape Fear Indians
3%
Clackamas
3%
Cocopah
3%
Coquille
3%
Esselen
3%
Hitchiti
3%
Isleta
3%
Jemez
3%
Jumano
3%
Karuk
3%
Kecoughtan
3%
Kewa
3%
Kha'p'oe
3%
Kichai
3%
Laguna
3%
Mattaponi
3%
Mattole
3%
Molala
3%
Mosopelea
3%
Nansemond
3%
Nauset
3%
Niantic
3%
Nooksack
3%
Palouse
3%
Pascagoula
3%
Patuxent
3%
Podunk
3%
Samish
3%
Siletz
3%
Squaxin
3%
Swinomish
3%
Tano
3%
Tolowa
3%
Tutelo
3%
Wahkiakum
3%
Wappinger
3%
Yana
3%
Yuki
3%
Zia
3%
Accohannock
2%
Atsugewi
2%
Chemakum
2%
Chetco
2%
Chilula
2%
Chimariko
2%
Cochiti
2%
Comecrudo
2%
Coosa
2%
Cupeño
2%
Cusabo
2%
Doeg
2%
Eno
2%
Entiat
2%
Guale
2%
Katishtya
2%
Kiskiack
2%
Kitanemuk
2%
Lassik
2%
Manahoac
2%
Mascouten
2%
Massawomeck
2%
Meherrin
2%
Methow
2%
Nacotchtank
2%
Nambe
2%
Nespelem
2%
Nlaka'pamux
2%
Ozinie
2%
Picuris
2%
Piro
2%
Pocomoke
2%
Pocomtuc
2%
Pojoaque
2%
Powhogeh
2%
Sandia
2%
Sanpoil
2%
Saponi
2%
Skykomish
2%
Stillaguamish
2%
Suma
2%
Takelma
2%
Tamaya
2%
Tenino
2%
Tequesta
2%
Tesuque
2%
Tocobaga
2%
Tunxis
2%
Tututni
2%
Twana
2%
Unquachog
2%
Upper Cuttatawomen
2%
Waccamaw
2%
Wailaki
2%
Wangunk
2%
Wappo
2%
Wenatchi
2%
Wishram
2%
Acjachemen
1%
Aranama
1%
Arrohattoc
1%
Bidai
1%
Chakchiuma
1%
Chaptico
1%
Choptank
1%
Chowanac
1%
Clatskanie
1%
Cofitachequi
1%
Coree
1%
Halchidhoma
1%
Huchnom
1%
Jaega
1%
Jano
1%
Jocome
1%
Kathlamet
1%
Keyauwee
1%
Kwalhioqua
1%
Lower Cuttatawomen
1%
Machapunga
1%
Matapeake
1%
Mattapanient
1%
Naniaba
1%
Nantaughtacund
1%
Nehalem
1%
Neusiok
1%
Nongatl
1%
Nuwhaha
1%
Occaneechi
1%
Onawmanient
1%
Opiscopank
1%
Paspahegh
1%
Piankatank
1%
Pissaseck
1%
Quiyoughcohannock
1%
Secotan
1%
Sekakawon
1%
Semiahmoo
1%
Shakori
1%
Sinixt
1%
Sinkyone
1%
Sissipahaw
1%
Stó꞉lō
1%
Sugeree
1%
Sutaio
1%
Taensa
1%
Tataviam
1%
Timicua
1%
Tockwogh
1%
Tohome
1%
Tompiro
1%
Tsawwassen
1%
Tübatulabal
1%
Wanapum
1%
Warraskoyack
1%
Watlala
1%
Waxhaw
1%
Weapemeoc
1%
Werowocomoco
1%
Weyanoke
1%
Whilkut
1%
Willapa
1%
Yaquina
1%
Youghtanund
1%
Chacato
0%
Mattawoman
0%
Moraughtachund
0%
Yaocomico
0%
No matching quizzes found
Score Distribution
Percent of People with Each Score
Percentile by Number Answered
Your Score History
You have not taken this quiz